<?xml version="1.0" encoding="UTF-8"?>
<record
    xmlns:xsi="http://www.w3.org/2001/XMLSchema-instance"
    xsi:schemaLocation="http://www.loc.gov/MARC21/slim http://www.loc.gov/standards/marcxml/schema/MARC21slim.xsd"
    xmlns="http://www.loc.gov/MARC21/slim">

  <leader>02432nam a22002897a 4500</leader>
  <controlfield tag="001">8592</controlfield>
  <controlfield tag="003">FISKH</controlfield>
  <controlfield tag="005">20251002104341.0</controlfield>
  <controlfield tag="008">251002b        cb ||||| |||| 00| 0 eng d</controlfield>
  <datafield tag="020" ind1=" " ind2=" ">
    <subfield code="a">9789995053765</subfield>
  </datafield>
  <datafield tag="040" ind1=" " ind2=" ">
    <subfield code="a">FISKH</subfield>
    <subfield code="b">khr</subfield>
    <subfield code="c">FISKH</subfield>
    <subfield code="d">FISKH</subfield>
  </datafield>
  <datafield tag="050" ind1=" " ind2=" ">
    <subfield code="a">PZ7</subfield>
  </datafield>
  <datafield tag="100" ind1=" " ind2=" ">
    <subfield code="a">Sreyrath , Hing</subfield>
  </datafield>
  <datafield tag="245" ind1=" " ind2=" ">
    <subfield code="a">&#x1781;&#x17D2;&#x1789;&#x17BB;&#x17C6;&#x17A2;&#x17B6;&#x1785;&#x1792;&#x17D2;&#x179C;&#x17BE;&#x1794;&#x17B6;&#x1793; /</subfield>
    <subfield code="c">&#x17A2;&#x17D2;&#x1793;&#x1780;&#x1793;&#x17B7;&#x1796;&#x1793;&#x17D2;&#x1792; &#x1780;&#x1789;&#x17D2;&#x1789;&#x17B6; &#x17A0;&#x17BB;&#x17B8;&#x1784; &#x179F;&#x17D2;&#x179A;&#x17B8;&#x179A;&#x178F;&#x17D2;&#x1793;&#x17D0; , &#x17A2;&#x17D2;&#x1793;&#x1780;&#x179A;&#x17C0;&#x1794;&#x179A;&#x17C0;&#x1784; &#x17A2;&#x1784;&#x17D2;&#x1780;&#x1780;&#x17B6;&#x179A; &#x179A;&#x17BC;&#x1798;&#x1792;&#x17BC;&#x179A;&#x17B8;&#x178F;&#x1780;&#x1798;&#x17D2;&#x1796;&#x17BB;&#x1787;&#x17B6;&#x200B;</subfield>
  </datafield>
  <datafield tag="260" ind1=" " ind2=" ">
    <subfield code="a">Phnom Penh :</subfield>
    <subfield code="b">Sun Heang Printing House , </subfield>
    <subfield code="c">2016.</subfield>
  </datafield>
  <datafield tag="300" ind1=" " ind2=" ">
    <subfield code="a">16 pages : </subfield>
    <subfield code="b">color illustrations ;</subfield>
    <subfield code="c">24 cm . </subfield>
  </datafield>
  <datafield tag="505" ind1=" " ind2=" ">
    <subfield code="a">F 
</subfield>
  </datafield>
  <datafield tag="520" ind1=" " ind2=" ">
    <subfield code="a">&#x1781;&#x17D2;&#x1789;&#x17BB;&#x17C6;&#x17A2;&#x17B6;&#x1785;&#x1792;&#x17D2;&#x179C;&#x17BE;&#x1794;&#x17B6;&#x1793; &#x1782;&#x17BA;&#x1787;&#x17B6;&#x179A;&#x17BF;&#x1784;&#x17A2;&#x17C6;&#x1796;&#x17B8;&#x1780;&#x17D2;&#x1798;&#x17C1;&#x1784;&#x179F;&#x17D2;&#x179A;&#x17B8;&#x178F;&#x17BC;&#x1785;&#x1798;&#x17D2;&#x1793;&#x17B6;&#x1780;&#x17CB;&#x178A;&#x17C2;&#x179B;&#x1798;&#x17B6;&#x1793;&#x1794;&#x17C6;&#x178E;&#x1784;&#x1785;&#x1784;&#x17CB;&#x1789;&#x17C9;&#x17B6;&#x17C6;&#x1795;&#x17D2;&#x179B;&#x17C2;&#x179F;&#x17D2;&#x179C;&#x17B6;&#x1799;&#x1791;&#x17BB;&#x17C6;&#x17D4; &#x1794;&#x17C9;&#x17BB;&#x1793;&#x17D2;&#x178F;&#x17C2;&#x1796;&#x17D2;&#x179A;&#x17C4;&#x17C7;&#x178F;&#x17C2;&#x1781;&#x17D2;&#x179B;&#x17BD;&#x1793;&#x178F;&#x17BC;&#x1785;  &#x1782;&#x17B6;&#x178F;&#x17CB;&#x1798;&#x17B7;&#x1793;&#x17A2;&#x17B6;&#x1785;&#x1791;&#x17C5;&#x178A;&#x179B;&#x17CB;&#x1795;&#x17D2;&#x179B;&#x17C2;&#x179F;&#x17D2;&#x179C;&#x17B6;&#x1799;&#x178A;&#x17C2;&#x179B;&#x1780;&#x178E;&#x17D2;&#x178F;&#x17B6;&#x179B;&#x1793;&#x17B9;&#x1784;&#x1781;&#x17D2;&#x1791;&#x1798;&#x1792;&#x17C6;&#x1798;&#x17BD;&#x1799;&#x1794;&#x17B6;&#x1793;&#x1791;&#x17C1;&#x17D4;
&#x1782;&#x17B6;&#x178F;&#x17CB;&#x1794;&#x17B6;&#x1793;&#x1799;&#x1780;&#x1788;&#x17BE;&#x1787;&#x17B6;&#x1785;&#x17D2;&#x179A;&#x17BE;&#x1793;&#x178A;&#x17BE;&#x1798;&#x17D2;&#x1794;&#x17B8;&#x179C;&#x17B6;&#x1799;&#x17B2;&#x17D2;&#x1799;&#x1795;&#x17D2;&#x179B;&#x17C2;&#x179F;&#x17D2;&#x179C;&#x17B6;&#x1799;&#x1792;&#x17D2;&#x179B;&#x17B6;&#x1780;&#x17CB;&#x1785;&#x17BB;&#x17C7; &#x1794;&#x17C9;&#x17BB;&#x1793;&#x17D2;&#x178F;&#x17C2;&#x1798;&#x17B7;&#x1793;&#x1798;&#x17B6;&#x1793;&#x1788;&#x17BE;&#x178E;&#x17B6;&#x1798;&#x17BD;&#x1799;&#x179C;&#x17C2;&#x1784;&#x1782;&#x17D2;&#x179A;&#x1794;&#x17CB;&#x1782;&#x17D2;&#x179A;&#x17B6;&#x1793;&#x17CB;&#x178A;&#x17BE;&#x1798;&#x17D2;&#x1794;&#x17B8;&#x1791;&#x17C5;&#x178A;&#x179B;&#x17CB;&#x1795;&#x17D2;&#x179B;&#x17C2;&#x179F;&#x17D2;&#x179C;&#x17B6;&#x1799;&#x1793;&#x17C4;&#x17C7;&#x17A1;&#x17BE;&#x1799;&#x17D4; &#x178A;&#x17C4;&#x1799;&#x179F;&#x17B6;&#x179A;&#x178F;&#x17C2;&#x1780;&#x17B6;&#x179A;&#x1781;&#x17C6;&#x1794;&#x17D2;&#x179A;&#x17B9;&#x1784;&#x1794;&#x17D2;&#x179A;&#x17C2;&#x1784; &#x1782;&#x17B6;&#x178F;&#x17CB;&#x1794;&#x17B6;&#x1793;&#x1785;&#x1784;&#x1788;&#x17BE;&#x1796;&#x17B8;&#x179A;&#x178A;&#x17BB;&#x17C6;&#x17B2;&#x17D2;&#x1799;&#x1787;&#x17B6;&#x1794;&#x17CB;&#x1782;&#x17D2;&#x1793;&#x17B6; &#x17A0;&#x17BE;&#x1799;&#x1785;&#x17BB;&#x1784;&#x1780;&#x17D2;&#x179A;&#x17C4;&#x1799;&#x1780;&#x17CF;&#x17A2;&#x17B6;&#x1785;&#x179C;&#x17B6;&#x1799;&#x17B2;&#x17D2;&#x1799;&#x1795;&#x17D2;&#x179B;&#x17C2;&#x179F;&#x17D2;&#x179C;&#x17B6;&#x1799;&#x1792;&#x17D2;&#x179B;&#x17B6;&#x1780;&#x17CB;&#x1785;&#x17BB;&#x17C7;&#x1794;&#x17B6;&#x1793;&#x17D4;</subfield>
  </datafield>
  <datafield tag="520" ind1=" " ind2=" ">
    <subfield code="a">I can do it is a story about a little girl and her wish to eat a ripe mango. But because of her small size, she is not able to reach the hanging fruit from the big, tall mango tree. She picks up various sticks to bat one down, but cannot find one long enough to reach a mango . Through her determination and perserance , she ties two sticks together and seats one down . </subfield>
  </datafield>
  <datafield tag="521" ind1="8" ind2=" ">
    <subfield code="a">350 
</subfield>
    <subfield code="b">Lexile estimate 
</subfield>
  </datafield>
  <datafield tag="521" ind1="8" ind2=" ">
    <subfield code="a">F 

</subfield>
    <subfield code="b">Raz-Plus 
</subfield>
  </datafield>
  <datafield tag="650" ind1=" " ind2=" ">
    <subfield code="a">&#x1781;&#x17D2;&#x1789;&#x17BB;&#x17C6;&#x17A2;&#x17B6;&#x1785;&#x1792;&#x17D2;&#x179C;&#x17BE;&#x1794;&#x17B6;&#x1793;</subfield>
  </datafield>
  <datafield tag="650" ind1=" " ind2=" ">
    <subfield code="a">I can do it </subfield>
  </datafield>
  <datafield tag="700" ind1=" " ind2=" ">
    <subfield code="a">Kakada, Soeurm </subfield>
    <subfield code="e">Illustrator </subfield>
  </datafield>
  <datafield tag="942" ind1=" " ind2=" ">
    <subfield code="2">ddc</subfield>
    <subfield code="c">KHB</subfield>
    <subfield code="n">0</subfield>
  </datafield>
  <datafield tag="999" ind1=" " ind2=" ">
    <subfield code="c">8592</subfield>
    <subfield code="d">8592</subfield>
  </datafield>
  <datafield tag="952" ind1=" " ind2=" ">
    <subfield code="0">0</subfield>
    <subfield code="1">0</subfield>
    <subfield code="2">ddc</subfield>
    <subfield code="4">0</subfield>
    <subfield code="7">0</subfield>
    <subfield code="8">KH</subfield>
    <subfield code="a">002</subfield>
    <subfield code="b">002</subfield>
    <subfield code="c">TTP Khmer</subfield>
    <subfield code="d">2025-10-02</subfield>
    <subfield code="l">0</subfield>
    <subfield code="o">SRE PZ7</subfield>
    <subfield code="p">FISBK04089</subfield>
    <subfield code="r">2025-10-02 10:43:38</subfield>
    <subfield code="t">1</subfield>
    <subfield code="w">2025-10-02</subfield>
    <subfield code="y">KHB</subfield>
  </datafield>
  <datafield tag="952" ind1=" " ind2=" ">
    <subfield code="0">0</subfield>
    <subfield code="1">0</subfield>
    <subfield code="2">ddc</subfield>
    <subfield code="4">0</subfield>
    <subfield code="7">0</subfield>
    <subfield code="8">KH</subfield>
    <subfield code="a">002</subfield>
    <subfield code="b">002</subfield>
    <subfield code="c">TTP Khmer</subfield>
    <subfield code="d">2025-11-11</subfield>
    <subfield code="l">0</subfield>
    <subfield code="o">SRE PZ7</subfield>
    <subfield code="p">FISBK04121</subfield>
    <subfield code="r">2025-11-11 15:02:04</subfield>
    <subfield code="t">2</subfield>
    <subfield code="w">2025-11-11</subfield>
    <subfield code="y">KHB</subfield>
  </datafield>
</record>
